000
00343nam a2200157Ia 4500
008
210210b1961 xxu||||| |||| 00| 0 eng d
041
_a
eng
082
_a
516/118
100
_a
RAY
245
_a
Statics
260
_a
Delhi
_b
Premier Publishing Co.
_c
1961
650
_a
Statics
690
_a
statics
700
_a
CHANDI
906
_a
007834
999
_c
140692
_d
140692